<?xml version="1.0" encoding="UTF-8"?>
<record
    xmlns:xsi="http://www.w3.org/2001/XMLSchema-instance"
    xsi:schemaLocation="http://www.loc.gov/MARC21/slim http://www.loc.gov/standards/marcxml/schema/MARC21slim.xsd"
    xmlns="http://www.loc.gov/MARC21/slim">

  <leader>00463nam a2200169Ia 4500</leader>
  <controlfield tag="008">220803s9999    xx            000 0 und d</controlfield>
  <datafield tag="020" ind1=" " ind2=" ">
    <subfield code="a">9789383184163</subfield>
  </datafield>
  <datafield tag="041" ind1=" " ind2=" ">
    <subfield code="a">eng</subfield>
  </datafield>
  <datafield tag="082" ind1=" " ind2=" ">
    <subfield code="a">728.09051</subfield>
  </datafield>
  <datafield tag="100" ind1=" " ind2=" ">
    <subfield code="a">Bais M Ed.</subfield>
    <subfield code="9">27032</subfield>
  </datafield>
  <datafield tag="245" ind1=" " ind2=" ">
    <subfield code="a">Sahaj : Vernacular Furniture Of Gujarat.</subfield>
  </datafield>
  <datafield tag="260" ind1=" " ind2=" ">
    <subfield code="a">Gujarat</subfield>
    <subfield code="b">CEPT University Press.</subfield>
    <subfield code="c">2010</subfield>
  </datafield>
  <datafield tag="300" ind1=" " ind2=" ">
    <subfield code="a">328p</subfield>
  </datafield>
  <datafield tag="500" ind1=" " ind2=" ">
    <subfield code="a">30</subfield>
  </datafield>
  <datafield tag="650" ind1=" " ind2=" ">
    <subfield code="a">Architectural History</subfield>
    <subfield code="9">27033</subfield>
  </datafield>
  <datafield tag="700" ind1=" " ind2=" ">
    <subfield code="a">Dixit S Ed. Thakkar J Ed.</subfield>
    <subfield code="9">27034</subfield>
  </datafield>
  <datafield tag="999" ind1=" " ind2=" ">
    <subfield code="c">17195</subfield>
    <subfield code="d">17195</subfield>
  </datafield>
  <datafield tag="952" ind1=" " ind2=" ">
    <subfield code="0">0</subfield>
    <subfield code="1">0</subfield>
    <subfield code="4">0</subfield>
    <subfield code="7">0</subfield>
    <subfield code="8">Book of B Arch</subfield>
    <subfield code="a">BNCA</subfield>
    <subfield code="b">BNCA</subfield>
    <subfield code="c">A1</subfield>
    <subfield code="d">2019-12-12</subfield>
    <subfield code="e">Word Book Shop</subfield>
    <subfield code="g">3965.00</subfield>
    <subfield code="o">749 BAI</subfield>
    <subfield code="p">BNCA-BK-11301</subfield>
    <subfield code="r">2022-08-03 00:00:00</subfield>
    <subfield code="v">3995.00</subfield>
    <subfield code="w">2019-12-05</subfield>
    <subfield code="y">RF</subfield>
    <subfield code="z">B11301</subfield>
  </datafield>
  <datafield tag="952" ind1=" " ind2=" ">
    <subfield code="0">0</subfield>
    <subfield code="1">0</subfield>
    <subfield code="4">0</subfield>
    <subfield code="7">0</subfield>
    <subfield code="8">Book of B Arch</subfield>
    <subfield code="a">BNCA</subfield>
    <subfield code="b">BNCA</subfield>
    <subfield code="d">2021-12-27</subfield>
    <subfield code="e">Word Book</subfield>
    <subfield code="g">1755.00</subfield>
    <subfield code="o">749 BAI</subfield>
    <subfield code="p">BNCA-BK-11633</subfield>
    <subfield code="r">2022-08-03 00:00:00</subfield>
    <subfield code="v">2700.00</subfield>
    <subfield code="w">2021-12-20</subfield>
    <subfield code="y">RF</subfield>
    <subfield code="z">B11633</subfield>
  </datafield>
</record>
